000 00517nam a22001697a 4500
999 _c40548
_d40548
003 OSt
005 20210123095409.0
008 191010b ||||| |||| 00| 0 eng d
020 _a9788183482448
040 _coclc
082 _a658.076
_bMIT/C
100 _aMittal, Dharmendra
_96637
245 _a10 Challengers MAT : Management Aptitude Test /
_cDharmendra Mittal
260 _aMeerut:
_bArihant Publications,
_c2008
300 _a193p
942 _2ddc
_cREF
_h658.076
_iMIT/C
_k658.076
_mMIT/C